Consolidation nation (Record no. 75350)

MARC details
000 -LEADER
fixed length control field 00967cab a2200181 4500
001 - CONTROL NUMBER
control field L129924
008 - FIXED-LENGTH DATA ELEMENTS--GENERAL INFORMATION
fixed length control field 050606n2005 000 0 eng u
035 ## - SYSTEM CONTROL NUMBER
System control number (Sirsi) u129924
041 ## - LANGUAGE CODE
Language code of text/sound track or separate title eng
100 ## - MAIN ENTRY--PERSONAL NAME
Personal name Menary, Steve
245 ## - TITLE STATEMENT
Title Consolidation nation
260 ## - PUBLICATION, DISTRIBUTION, ETC.
Date of publication, distribution, etc. 2005
490 ## - SERIES STATEMENT
Series statement HouseBuilder
Volume/sequential designation 64(5) June 2005,41-45(4)
520 ## - SUMMARY, ETC.
Summary, etc. Analysys the EMAP Glenigan first quarter 2005 data survey of who's building where. Focuses on Gladedale's acquisition of Country and Metropolitan as the first major industry deal of 2005 and a further example of the industry's ongoing consolidation. Gladedale now has representation in eight of the UK's 12 regions. Looks at the planning programmes of a number of other major market competitors. Provides top 10 house builder tables for the 12 regions including Northern Ireland, Scotland and Wales.
590 ## - LOCAL NOTE (RLIN)
Local note IKA070605
690 ## - LOCAL SUBJECT ADDED ENTRY--TOPICAL TERM (OCLC, RLIN)
Topical term or geographic name as entry element PROPERTY-RESIDENTIAL PROPERTY-DOMESTIC RESIDENTIAL PROPERTY-HOUSING
942 ## - ADDED ENTRY ELEMENTS (KOHA)
Suppress in OPAC 0
Holdings
Withdrawn status Lost status Source of classification or shelving scheme Damaged status Not for loan Home library Current library Shelving location Date acquired Total Checkouts Full call number Barcode Date last seen Copy number Price effective from Koha item type
    Dewey Decimal Classification     London London Journal article 06/06/2005   L129924 129924-1001 06/08/2019 1 06/08/2019 Journal article